| 000 | 01180nam a2200301 a 4500 | ||
|---|---|---|---|
| 001 | 000115248 | ||
| 003 | CHAP | ||
| 005 | 20220329144525.0 | ||
| 008 | 190121s2018 mx sm |||||||spa d | ||
| 010 | _a111709 | ||
| 011 | _a112681 | ||
| 040 | _cCHAP | ||
| 090 | _aTesis | ||
| 100 | 1 |
_aCortes Santos, Marlen Alondra. _9135465 |
|
| 245 | 1 | 0 |
_aRuptura de letargo en semillas de Euphorbia heterophylla L. con presencia y ausencia de luz a diferentes temperaturas bajo condiciones controladas _h[En línea] _cpor Marlen Alondra Cortes Santos. |
| 260 |
_aChapingo, Méx. : _bEl autor, _c2018. |
||
| 500 | _aPara ver el contenido del material haga clic en la liga | ||
| 502 | _aTesis (Ing. Agr. Esp. en Parasitología Agrícola) -- UACH. Departamento de Parasitología Agrícola | ||
| 590 |
_aE11695DGD _b10 _c20190623 _lUCH01 _h1114 |
||
| 590 |
_aE5765TAJ _b05 _c20190121 _lUCH01 _h1110 |
||
| 590 |
_aE5765TAJ _b05 _c20190121 _lUCH01 _h1111 |
||
| 650 | 1 | 4 |
_aEuphorbia heterophylla _xGerminación _9175654 |
| 650 | 1 | 4 |
_aLuz _xEfecto en semillas. _969243 |
| 856 |
_aFinding aid _uhttp://10.13.5.2/tesis/sist115248.pdf _zTeclea aquí |
||
| 901 | _aBK | ||
| 942 | _cTESIS | ||
| 942 | _n0 | ||
| 999 |
_c111709 _d111709 |
||